Most Visited Countries by U.S. Presidents by Continent - Statistics

General Stats
  • This quiz has been taken 275 times
  • The average score is 24 of 32
Answer Stats
Hint # of Visits Country % Correct
North America 40 Canada
97%
Europe 40 France
97%
North America 33 Mexico
97%
Europe 37 United Kingdom
96%
South America 13 Brazil
95%
Asia 13 China
95%
Africa 4 South Africa
94%
Oceania 8 Australia
93%
Europe 22 Germany
93%
Asia 23 Japan
93%
Oceania 2 New Zealand
93%
South America 7 Argentina
92%
Africa 16 Egypt
92%
Europe 32 Italy
90%
South America 5 Chile
86%
South America 8 Colombia
85%
Asia 19 South Korea
85%
North America 10 Panama
81%
Africa 3 Morocco
79%
Africa 3 Nigeria
76%
South America 5 Uruguay
75%
North America 6 Costa Rica
68%
Asia 11 Israel
65%
North America 5 Bahamas
62%
Asia 12 Saudi Arabia
58%
Africa 3 Tunisia
56%
Africa 3 Tanzania
50%
Africa 3 Ghana
49%
Africa 4 Senegal
39%
Africa 3 Liberia
37%
Europe 22 Vatican City
36%
North America 5 Trinidad and Tobago
35%
No matching quizzes found
Score Distribution
Percent of People with Each Score
Percentile by Number Answered
Your Score History
You have not taken this quiz